[Event "Epic Easter Encounters"]
[Site "SchemingMind.com"]
[Date "2013.03.27"]
[Round "-"]
[White "Clive Everill"]
[Black "ray winteringham"]
[Result "1-0"]
[WhiteCountry "CZE"]
[BlackCountry "ENG"]
[WhiteElo "1736"]
[WhiteRD "52"]
[BlackElo "1514"]
[BlackRD "50"]
[GameID "329238"]

1. e4 e5 2. f4 Nc6 3. Nf3 exf4 4. d4 Nf6 5. Nc3 Bb4 6. Bd3 d6 7. Bxf4 Bg4 8. Be3 d5 9. e5 Ne4 10. O-O Bxc3
11. bxc3 Nxc3 12. Qd2 Ne4 13. Bxe4 dxe4 14. Ng5 Bf5 15. Qf2 g6 16. g4 h6 17. Nxf7 Kxf7 18. gxf5 Rf8 19. fxg6+ Kg7 20. Qg3 Nxd4
21. Bxd4 Qxd4+ 22. Kh1 c6 23. c3 Qd3 24. Qg2 e3 25. Rf7+ Rxf7 26. gxf7+ Kxf7 27. Rf1+ Ke6 28. Qg4+ Ke7 29. Qg7+ Ke6 30. Qf6+ Kd5
31. Rf4 Kc5 32. Qe7+ Kb5 33. Qxb7+ Kc5 34. Qb4+
1-0

[Event "Epic Easter Encounters"]
[Site "SchemingMind.com"]
[Date "2013.03.27"]
[Round "-"]
[White "Ronald R. Nurmi"]
[Black "Iucounu"]
[Result "1-0"]
[WhiteCountry "USA"]
[BlackCountry "ENG"]
[WhiteElo "1807"]
[WhiteRD "84"]
[BlackElo "1487"]
[BlackRD "50"]
[GameID "329239"]

1. d4 Nf6 2. Bg5 Ne4 3. Bf4 c5 4. f3 Qa5+ 5. c3 Nf6 6. Nd2 cxd4 7. Nb3 Qd8 8. cxd4 d5 9. e3 e6 10. Rc1 Nc6
11. Bb5 Bd7 12. Ne2 Bb4+ 13. Kf2 a6 14. Bd3 O-O 15. a3 Be7 16. Nc5 Bc8 17. h3 h6 18. Nxa6 Bd7 19. Nc5 Bxc5 20. Rxc5 Ra5
21. Rxa5 Nxa5 22. g4 Nc6 23. Qb3 Na5 24. Qc3 b6 25. Bc7 Qc8 26. Bxb6 Qxc3 27. Nxc3 Nc4 28. Bc5 Rb8 29. Bxc4 dxc4 30. Bb4 Nd5
31. Nxd5 exd5 32. Re1 f6 33. e4 Be6 34. f4 Kf7 35. exd5 Bxd5 36. Re7+ Kg6 37. f5+ Kh7 38. h4 Rb7 39. Rxb7 Bxb7 40. Ke3 g6
41. fxg6+ Kxg6 42. Kf4 Bc6 43. h5+ Kf7 44. Kf5 Bd5 45. a4 Bh1 46. a5 Ba8 47. a6 Bh1 48. a7 Bg2 49. Bd2 Bh1 50. Bxh6 Bg2
51. g5 fxg5 52. Ke5 g4 53. d5 Ke7 54. a8=Q
1-0

[Event "Epic Easter Encounters"]
[Site "SchemingMind.com"]
[Date "2013.03.30"]
[Round "-"]
[White "James Reed"]
[Black "spoke"]
[Result "0-1"]
[WhiteCountry "ENG"]
[BlackCountry "GER"]
[WhiteElo "1409"]
[WhiteRD "61"]
[BlackElo "1736"]
[BlackRD "65"]
[GameID "329240"]

1. e4 e5 2. Nf3 Nc6 3. Bb5 Bb4 4. c3 Ba5 5. Bxc6 dxc6 6. Nxe5 Qg5 7. Nxf7 Kxf7 8. Qf3+ Nf6 9. d3 Qxc1+ 10. Qd1 Qxb2
11. Nd2 Bxc3 12. O-O Qxd2 13. Qxd2 Bxd2 14. h3 Bc3 15. Rab1 b6 16. Rbc1 Ba5 17. Rxc6 b5 18. Rc5 a6 19. a4 Bb6 20. Rcc1 bxa4
21. Ra1 Bd7 22. Rfe1 Bb5 23. Red1 Rad8 24. Rab1 Rxd3 25. Re1 Rd2 26. e5 Bxf2+ 27. Kh2 Bxe1 28. Rxe1 Nh5 29. e6+ Ke7 30. Re5 Bc6
31. Rxh5 Rxg2+ 32. Kh1 Rg5+
0-1

[Event "Epic Easter Encounters"]
[Site "SchemingMind.com"]
[Date "2013.03.27"]
[Round "-"]
[White "ray winteringham"]
[Black "Clive Everill"]
[Result "0-1"]
[WhiteCountry "ENG"]
[BlackCountry "CZE"]
[WhiteElo "1514"]
[WhiteRD "50"]
[BlackElo "1736"]
[BlackRD "52"]
[GameID "329243"]

1. e4 c5 2. Nc3 Nc6 3. Bb5 Nd4 4. Bc4 a6 5. Nf3 e6 6. O-O b5 7. Nxd4 cxd4 8. Nxb5 axb5 9. Bxb5 Bc5 10. d3 Ne7
11. Qg4 Ng6 12. Qf3 Bb7 13. b3 O-O 14. Bb2 d5 15. Rfe1 Ne5 16. Qe2 Qb6 17. Ba4 dxe4 18. dxe4 Rfd8 19. Kh1 f6 20. f3 d3
21. cxd3 Nxd3 22. Red1 Nf2+
0-1

[Event "Epic Easter Encounters"]
[Site "SchemingMind.com"]
[Date "2013.03.27"]
[Round "-"]
[White "Iucounu"]
[Black "Ronald R. Nurmi"]
[Result "0-1"]
[WhiteCountry "ENG"]
[BlackCountry "USA"]
[WhiteElo "1492"]
[WhiteRD "55"]
[BlackElo "1871"]
[BlackRD "92"]
[GameID "329244"]

1. e4 d5 2. exd5 Qxd5 3. Nc3 Qd6 4. Nf3 Nf6 5. d4 c6 6. Ne5 Nbd7 7. Nc4 Qc7 8. Qf3 Nb6 9. Bf4 Qd8 10. Be5 Bg4
11. Qg3 h5 12. h3 h4 13. Qe3 Be6 14. Nxb6 axb6 15. a3 g6 16. O-O-O Bh6 17. Bf4 Bxf4 18. Qxf4 Qd6 19. Qxd6 exd6 20. f3 O-O-O
21. Ne4 Nxe4 22. fxe4 Bd7 23. Bc4 Be8 24. d5 c5 25. Be2 Bd7 26. c4 Rde8 27. Bf3 Re7 28. Rdg1 f6 29. Bg4 Bxg4 30. hxg4 Rxe4
31. b3 Rxg4 32. Rh3 g5 33. g3 Kd7 34. a4 Re8 35. Kd2 Rge4 36. gxh4 Rxh4 37. Rxh4 gxh4 38. Rh1 Rh8 39. Rh3 Ke7 40. Ke3 f5
41. Kf4 Kf6 42. Rh2 h3 43. Kg3 Ke5 44. Rxh3 Rxh3+ 45. Kxh3 f4 46. Kg2 Ke4
0-1

[Event "Epic Easter Encounters"]
[Site "SchemingMind.com"]
[Date "2013.03.30"]
[Round "-"]
[White "spoke"]
[Black "James Reed"]
[Result "1-0"]
[WhiteCountry "GER"]
[BlackCountry "ENG"]
[WhiteElo "1736"]
[WhiteRD "65"]
[BlackElo "1409"]
[BlackRD "61"]
[GameID "329245"]

1. e4 c5 2. Nf3 d6 3. d4 cxd4 4. Nxd4 Nf6 5. Nc3 a6 6. f4 e5 7. Nf3 Bg4 8. h3 Bxf3 9. Qxf3 Nc6 10. Be3 Be7
11. Be2 O-O 12. O-O h6 13. Nd5 Nxd5 14. exd5 Nb4 15. c3 Nc2 16. Rac1 Nxe3 17. Qxe3 Re8 18. fxe5 Rc8 19. Bg4 Bg5 20. Qf2 Bxc1
21. Qxf7+ Kh7 22. Bf5+ Kh8 23. Qg6 Be3+ 24. Kh1 Kg8 25. Qh7+ Kf7 26. Bxc8+ Ke7 27. Qxg7#
1-0

[Event "Epic Easter Encounters"]
[Site "SchemingMind.com"]
[Date "2013.03.30"]
[Round "-"]
[White "simpet"]
[Black "emvarela"]
[Result "1-0"]
[WhiteCountry "ENG"]
[BlackCountry "ARG"]
[WhiteElo "1699"]
[WhiteRD "54"]
[BlackElo "1765"]
[BlackRD "48"]
[GameID "329441"]

1. e4 e5 2. Nf3 Nc6 3. Bc4 Nf6 4. Nc3 Nxe4 5. d3 Nxc3 6. bxc3 d5 7. Bb3 Bg4 8. O-O Qd7 9. d4 e4 10. Qe1 Bxf3
11. gxf3 Be7 12. fxe4 Qg4+ 13. Kh1 Qf3+ 14. Kg1 dxe4 15. Bd5 f5 16. Qe3 Qxe3 17. fxe3 O-O-O 18. Rxf5 Rdf8 19. Bxe4 g6 20. Rxf8+ Rxf8
21. Bd2 Bg5 22. Rf1 Rxf1+ 23. Kxf1 Kd7 24. Ke2 Na5 25. Kd3 b6 26. c4 Kd6 27. c5+ Kd7 28. cxb6 axb6 29. Bxa5 bxa5 30. a4 Kd6
31. c4 c5 32. h3 Bf6 33. Bf3 cxd4 34. exd4 h5 35. c5+ Kc7 36. Kc4 h4 37. d5
1-0

[Event "Epic Easter Encounters"]
[Site "SchemingMind.com"]
[Date "2013.03.30"]
[Round "-"]
[White "emvarela"]
[Black "simpet"]
[Result "0-1"]
[WhiteCountry "ARG"]
[BlackCountry "ENG"]
[WhiteElo "1765"]
[WhiteRD "48"]
[BlackElo "1699"]
[BlackRD "54"]
[GameID "329447"]

1. e4 e5 2. Nf3 Nc6 3. Bb5 Bd6 4. O-O Nge7 5. c3 a6 6. Bxc6 Nxc6 7. d4 exd4 8. Nxd4 Nxd4 9. cxd4 O-O 10. e5 Be7
11. Nc3 d6 12. Bf4 dxe5 13. dxe5 Bf5 14. Qxd8 Raxd8 15. Rad1 c6 16. Rxd8 Rxd8 17. Rd1 Rxd1+ 18. Nxd1 Bc5 19. Ne3 Be6 20. b3 b5
21. Kf1 a5 22. Ke2 a4 23. bxa4 bxa4 24. Nc2 Bxa2 25. Be3 Bxe3 26. Kxe3 Bd5 27. g3 g5 28. Kd4 Kg7 29. f4 gxf4 30. gxf4 f6
31. f5 fxe5+ 32. Kxe5 h5 33. h4 Kf7 34. f6 Kg6 35. Na3 Bb3 36. Kd6 Kxf6 37. Kxc6 Kf5 38. Kc5 Kg4
0-1

[Event "Epic Easter Encounters"]
[Site "SchemingMind.com"]
[Date "2013.03.31"]
[Round "-"]
[White "mmccaffe"]
[Black "dadshane2000"]
[Result "0-1"]
[WhiteCountry "USA"]
[BlackCountry "USA"]
[WhiteElo "1515"]
[WhiteRD "63"]
[BlackElo "2017"]
[BlackRD "87"]
[GameID "329528"]

1. e4 c5 2. Nf3 e6 3. d4 cxd4 4. Nxd4 Nc6 5. Nxc6 bxc6 6. Bd3 d5 7. Nc3 Nf6 8. O-O Qc7 9. Bd2 Be7 10. Qf3 d4
11. Ne2 e5 12. h3 h6 13. Qg3 Nh5 14. Qf3 Bg5
0-1

[Event "Epic Easter Encounters"]
[Site "SchemingMind.com"]
[Date "2013.04.01"]
[Round "-"]
[White "kubinet"]
[Black "Phillip Beckett"]
[Result "0-1"]
[WhiteCountry "GER"]
[BlackCountry "ENG"]
[WhiteElo "1334"]
[WhiteRD "51"]
[BlackElo "1562"]
[BlackRD "48"]
[GameID "329529"]

1. e4 e5 2. Bc4 Nf6 3. d3 Be7 4. Nf3 d6 5. h3 h6 6. O-O O-O 7. Nc3 Nh7 8. Nd5 c6 9. Ne3 Nd7 10. Nf5 Nb6
11. Bb3 Bg5 12. Nxg5 Nxg5 13. Ng3 Be6 14. f4 exf4 15. Bxf4 d5 16. Qe2 dxe4 17. Bxg5 Qxg5 18. Nxe4 Qg6 19. Bxe6 fxe6 20. Nd6 Rxf1+
21. Rxf1 Rf8
0-1

[Event "Epic Easter Encounters"]
[Site "SchemingMind.com"]
[Date "2013.03.31"]
[Round "-"]
[White "dadshane2000"]
[Black "mmccaffe"]
[Result "1-0"]
[WhiteCountry "USA"]
[BlackCountry "USA"]
[WhiteElo "2017"]
[WhiteRD "87"]
[BlackElo "1515"]
[BlackRD "63"]
[GameID "329531"]

1. e4 e5 2. Nf3 Nc6 3. Bb5 a6 4. Ba4 Nf6 5. O-O Be7 6. Re1 b5 7. Bb3 d6 8. c3 O-O 9. h3 Nb8 10. d4 Nbd7
11. Nbd2 Bb7 12. Bc2 Re8 13. a4 Bf8 14. Bd3 exd4 15. cxd4
1-0

[Event "Epic Easter Encounters"]
[Site "SchemingMind.com"]
[Date "2013.04.01"]
[Round "-"]
[White "Phillip Beckett"]
[Black "kubinet"]
[Result "1-0"]
[WhiteCountry "ENG"]
[BlackCountry "GER"]
[WhiteElo "1562"]
[WhiteRD "48"]
[BlackElo "1334"]
[BlackRD "51"]
[GameID "329532"]

1. e4 c5 2. Nf3 e6 3. d4 cxd4 4. Nxd4 Nf6 5. Nc3 a6 6. Bg5 Be7 7. Bd3 Nc6 8. Nxc6 bxc6 9. O-O O-O 10. f4 h6
11. Bxf6 Bxf6 12. e5 Be7 13. Ne4 d5 14. Ng3 Qb6+ 15. Kh1 Qxb2 16. Rb1 Qxa2 17. Ra1 Qb2 18. Rb1 Qc3 19. Rb3 Qa5 20. f5 exf5
21. Bxf5 Bh4 22. Bxc8 Raxc8 23. Qg4 Bxg3 24. Rxg3
1-0

[Event "Epic Easter Encounters"]
[Site "SchemingMind.com"]
[Date "2013.04.01"]
[Round "-"]
[White "mtnewk"]
[Black "surfnsuds"]
[Result "0-1"]
[WhiteCountry "USA"]
[BlackCountry "USA"]
[WhiteElo "1637"]
[WhiteRD "77"]
[BlackElo "1471"]
[BlackRD "106"]
[GameID "329579"]

1. d4 Nf6 2. c4 g6 3. Nc3 Bg7 4. Nf3 O-O 5. e3 c6 6. Bd3 d5 7. O-O Bg4 8. Be2 Nbd7 9. h3 Bf5 10. Bd3 Bxh3
11. gxh3 Nh5 12. Kh1 Qc7 13. Rg1 Ndf6 14. cxd5 Qd7 15. Qf1 cxd5 16. Ne5 Qe6 17. f4 Nd7 18. Nxd7 Qxd7 19. Bb5 Qf5 20. Rg5 Rac8
21. Qg2 Qe6 22. Rxd5 a6 23. Be2 b5 24. Bxh5 gxh5 25. Rxh5 Kh8 26. Rg5 Rg8 27. Qf3 b4 28. Ne2 Rc2 29. Rc5 Rxe2 30. Rg5 Qc4
31. Rg1 Qd3 32. Qg3 Qc2 33. Rg2 Qe4 34. Qg4 Rxg2
0-1

[Event "Epic Easter Encounters"]
[Site "SchemingMind.com"]
[Date "2013.04.01"]
[Round "-"]
[White "surfnsuds"]
[Black "mtnewk"]
[Result "0-1"]
[WhiteCountry "USA"]
[BlackCountry "USA"]
[WhiteElo "1471"]
[WhiteRD "106"]
[BlackElo "1637"]
[BlackRD "77"]
[GameID "329585"]

1. d4 Nf6 2. c4 e6 3. Nf3 d5 4. Nc3 Bb4 5. cxd5 Bxc3+ 6. bxc3 Nxd5 7. Bd2 O-O 8. e4 Nf6 9. Ng5 h6 10. e5 Nd5
11. Qb1 hxg5 12. Bd3 g6 13. c4 Nf4 14. Bxf4 gxf4 15. Qc1 Nc6 16. O-O Nxd4 17. Qxf4 c5 18. Rab1 b6 19. Rbd1 Qe7 20. h4 Rd8
21. Qe4 Bd7 22. f4 Qxh4 23. Qe3 Bc6 24. Rf2 Kg7 25. g3 Qh1#
0-1

[Event "Epic Easter Encounters"]
[Site "SchemingMind.com"]
[Date "2013.04.08"]
[Round "-"]
[White "SAMAEL"]
[Black "kenneth m day"]
[Result "1/2-1/2"]
[WhiteCountry "CAN"]
[BlackCountry "USA"]
[WhiteElo "1744"]
[WhiteRD "58"]
[BlackElo "1791"]
[BlackRD "48"]
[GameID "329691"]

1. e4 c5 2. Nf3 g6 3. Nc3 Bg7 4. Be2 Nc6 5. O-O e6 6. d3 Nge7 7. a3 O-O 8. Be3 Nd4 9. Rb1 d5 10. exd5 exd5
11. Re1 Nef5 12. Bxd4 Nxd4 13. Nxd4 Bxd4 14. Bf3 Be6 15. Ne2 Bg7 16. Nf4 Rb8 17. Nxe6 fxe6 18. Rxe6 Rf6 19. Qe2 Qd7 20. Bg4 Qf7
21. Re1 Kf8 22. Rxf6 Bxf6 23. c3 Re8 24. Qxe8+ Qxe8 25. Rxe8+ Kxe8 26. Bf3 d4 27. cxd4 Bxd4 28. Bxb7 Bxb2 29. a4 Bc3 30. Kf1 Kd7
31. Ke2 Kd6 32. Ba6 Ke5 33. Bc4 Kf4 34. Bd5 g5 35. h3 h6 36. g3+ Ke5 37. Be4 Bd4 38. f3 a5=
1/2-1/2

[Event "Epic Easter Encounters"]
[Site "SchemingMind.com"]
[Date "2013.04.08"]
[Round "-"]
[White "kenneth m day"]
[Black "SAMAEL"]
[Result "1-0"]
[WhiteCountry "USA"]
[BlackCountry "CAN"]
[WhiteElo "1720"]
[WhiteRD "53"]
[BlackElo "1731"]
[BlackRD "56"]
[GameID "329696"]

1. e4 e5 2. Nf3 Nc6 3. c3 Nf6 4. d4 exd4 5. e5 Ng8 6. Bc4 h6 7. cxd4 d5 8. exd6 Bxd6 9. O-O Nge7 10. Re1 O-O
11. Nc3 Re8 12. b3 Bf5 13. Bb2 a6 14. Nh4 Bd7 15. Ne4 Nf5 16. Nxd6 Nxd6 17. Rxe8+ Qxe8 18. Bd5 Rb8 19. Qf3 Qe7 20. Ng6 Qe8
21. h4 Nd8 22. Nf4 c6 23. Bc4 b5 24. Bd3 Ne6 25. Nh5 Qe7 26. Qg3 Rf8 27. d5
1-0

[Event "Epic Easter Encounters"]
[Site "SchemingMind.com"]
[Date "2013.05.27"]
[Round "-"]
[White "Clive Everill"]
[Black "Phillip Beckett"]
[Result "1-0"]
[WhiteCountry "CZE"]
[BlackCountry "ENG"]
[WhiteElo "1698"]
[WhiteRD "55"]
[BlackElo "1588"]
[BlackRD "47"]
[GameID "332350"]

1. e4 e5 2. Nc3 Nf6 3. f4 d6 4. Nf3 exf4 5. d4 Be7 6. Bxf4 O-O 7. Bd3 Bg4 8. O-O Nc6 9. Be3 h6 10. Qd2 Nh7
11. h3 Bxf3 12. Rxf3 Bg5 13. Bxg5 Qxg5 14. Qf2 Ne7 15. Rf1 f6 16. Rg3 Qh5 17. Be2 Qf7 18. b3 Ng5 19. Bc4 d5 20. exd5 Kh8
21. d6 Qe8 22. dxe7 Qxe7 23. Re3 Qd6 24. h4 Nf7 25. Re6 Qd7 26. Rfe1 Rae8 27. Rxe8 Rxe8 28. Rxe8+ Qxe8 29. Nd5 Nd6 30. Bd3 Ne4
31. Qf4 Nd6 32. Nxc7 Qe1+ 33. Kh2 Nf7 34. Nd5 g5 35. Qxf6+ Kg8 36. Ne7+ Kf8 37. Ng6+ Ke8 38. Bb5#
1-0

[Event "Epic Easter Encounters"]
[Site "SchemingMind.com"]
[Date "2013.05.27"]
[Round "-"]
[White "Phillip Beckett"]
[Black "Clive Everill"]
[Result "1/2-1/2"]
[WhiteCountry "ENG"]
[BlackCountry "CZE"]
[WhiteElo "1588"]
[WhiteRD "47"]
[BlackElo "1698"]
[BlackRD "55"]
[GameID "332354"]

1. d4 Nf6 2. e3 e6 3. f4 b6 4. Nf3 Bb7 5. Bd3 Ne4 6. Nbd2 f5 7. c3 Be7 8. O-O O-O 9. Ne5 d6 10. Nef3 d5
11. Ne5 c5 12. Ndf3 c4 13. Bc2 Nc6 14. Bd2 b5 15. Nxc6 Bxc6 16. Ne5 Bb7 17. Be1 a5 18. a3 Bh4 19. Bxh4 Qxh4 20. Bxe4 fxe4
21. Qe1 Qd8 22. Qg3 Bc8 23. Ng4 Kh8 24. Ne5 Ba6 25. Qg5 Qxg5 26. fxg5 Rxf1+ 27. Rxf1 Kg8 28. h4 Rb8 29. Rf7 Rb7 30. Rxb7 Bxb7
31. Kf2 g6 32. Kg3 Kg7 33. Kf4 h5 34. gxh6+ Kxh6 35. g4 Bc8 36. Nf7+ Kg7 37. Ng5 Kf6 38. Nh3 Bd7 39. Nf2 Be8 40. g5+ Ke7
41. Ng4 Kf7 42. Ne5+ Kg7 43. Kg4 Kh7 44. Kf4 Kg7=
1/2-1/2

[Event "Epic Easter Encounters"]
[Site "SchemingMind.com"]
[Date "2013.06.15"]
[Round "-"]
[White "spoke"]
[Black "kenneth m day"]
[Result "0-1"]
[WhiteCountry "GER"]
[BlackCountry "USA"]
[WhiteElo "1782"]
[WhiteRD "65"]
[BlackElo "1771"]
[BlackRD "54"]
[GameID "333010"]

1. e4 e5 2. Nf3 Nc6 3. Bc4 Bc5 4. d3 Nf6 5. c3 a6 6. b4 Ba7 7. O-O O-O 8. Bg5 d6 9. Nbd2 h6 10. Be3 Bxe3
11. fxe3 Bg4 12. Qe1 b5 13. Bb3 Be6 14. Bxe6 fxe6 15. d4 exd4 16. exd4 Qd7 17. e5 dxe5 18. Nxe5 Nxe5 19. dxe5 Nd5 20. Rxf8+ Rxf8
21. Ne4 Qc6 22. Rc1 Rf4 23. Nc5 Rc4 24. a3 Nf4 25. Rc2 Qd5 26. Rd2 Qc6 27. Qg3 Nd5 28. Qg6 Rxc3 29. Nxe6 Qb6+ 30. Kf1 Rc1+
31. Ke2 Qe3#
0-1

[Event "Epic Easter Encounters"]
[Site "SchemingMind.com"]
[Date "2013.06.15"]
[Round "-"]
[White "kenneth m day"]
[Black "spoke"]
[Result "0-1"]
[WhiteCountry "USA"]
[BlackCountry "GER"]
[WhiteElo "1771"]
[WhiteRD "54"]
[BlackElo "1782"]
[BlackRD "65"]
[GameID "333016"]

1. e4 e5 2. Nf3 Nc6 3. c3 Nf6 4. d4 Nxe4 5. d5 Ne7 6. Nxe5 Ng6 7. Qd4 Nf6 8. Nxg6 hxg6 9. Bf4 b6 10. Be2 Bc5
11. Qe5+ Kf8 12. O-O Bd6 13. Qd4 Bxf4 14. Qxf4 Nxd5 15. Qd4 Qh4 16. Qxh4 Rxh4 17. Nd2 Bb7 18. Nf3 Re4 19. Bd3 Re7 20. Rfe1 Rae8
21. Rxe7 Rxe7 22. Re1 Nf4 23. Rxe7 Kxe7 24. Bc4 d5 25. Bb3 Nd3 26. Nd4 c5 27. Nb5 a6 28. Nc7 c4 29. Bd1 Kd7 30. Nxd5 Bxd5
31. Bg4+ f5 32. Be2 Nxb2 33. f3 Na4 34. Bd1 Nxc3
0-1

[Event "Epic Easter Encounters"]
[Site "SchemingMind.com"]
[Date "2013.06.12"]
[Round "-"]
[White "dadshane2000"]
[Black "simpet"]
[Result "1-0"]
[WhiteCountry "USA"]
[BlackCountry "ENG"]
[WhiteElo "2022"]
[WhiteRD "87"]
[BlackElo "1656"]
[BlackRD "59"]
[GameID "333111"]

1. e4 e5 2. Nf3 Nc6 3. Bb5 Bc5 4. c3 Nf6 5. O-O O-O 6. d4 exd4 7. cxd4 Bb6 8. e5 Nd5 9. Bc4 Nce7 10. Bg5 c6
11. Qb3 d6 12. Bxd5 cxd5 13. Bxe7 Qxe7 14. Qxd5 dxe5 15. Qxe5 Qxe5 16. dxe5 Re8 17. Nbd2 Be6 18. Ne4 Bd5 19. Rfe1 Rec8 20. Nc3 Be6
21. Ng5 Rc6 22. Nxe6 Rxe6 23. Nd5 Bd8 24. Rac1 Ba5 25. b4 Bb6 26. Nxb6 axb6 27. Re2 f6 28. f4 fxe5 29. fxe5 Ra4 30. Rc7 Rxb4
31. Rxb7 h6 32. g3 Kh7 33. Kg2 h5 34. h3 Kh6 35. Kf3 g5 36. Re4 Rb2 37. a4 Ra2 38. Rb8 Ra3+ 39. Kf2 Kg6 40. Rf8 Rc3
41. Rf3 Rc2+ 42. Ke3 Rc3+ 43. Ke2 Rxf3 44. Kxf3 Kf5 45. g4+ Kg6 46. Ke3 h4 47. Kd4 Kf7 48. Re3 Ke7 49. Kd5 Rg6 50. Rc3 Kd7
51. Rf3 Ke7 52. Rf6 Rg8 53. Rxb6 Ra8 54. Rb4 Ra5+ 55. Ke4 Ke6 56. Rd4 Rxe5+ 57. Kd3 Ra5 58. Kc3 Ke5 59. Rc4 Rd5 60. Kb4 Rd8
61. a5 Rb8+ 62. Ka4 Kd5 63. Rb4 Rf8 64. a6 Kc5 65. Rb5+ Kc6 66. a7 Ra8 67. Ra5 Kb6 68. Kb4 Rxa7 69. Rxa7 Kxa7 70. Kc5
1-0

[Event "Epic Easter Encounters"]
[Site "SchemingMind.com"]
[Date "2013.06.12"]
[Round "-"]
[White "simpet"]
[Black "dadshane2000"]
[Result "0-1"]
[WhiteCountry "ENG"]
[BlackCountry "USA"]
[WhiteElo "1656"]
[WhiteRD "59"]
[BlackElo "2022"]
[BlackRD "87"]
[GameID "333117"]

1. e4 c5 2. Nf3 d6 3. d4 cxd4 4. Nxd4 Nf6 5. Nc3 a6 6. Bc4 e6 7. O-O b5 8. Bb3 Be7 9. Be3 O-O 10. a3 Bb7
11. f3 Nbd7 12. Qe1 Rc8 13. Qg3 Re8 14. Kh1 Nc5 15. Ba2 Nfd7 16. Rad1 Bh4 17. Qg4 Ne5 18. Qh3 Ng6 19. Nde2 Qe7 20. Nf4 Rcd8
21. Nxg6 hxg6 22. Bf2 Bxf2 23. Rxf2 Nd7 24. Ne2 Nf6 25. Nf4 g5 26. Nh5 d5 27. e5 Nh7 28. c3 g6 29. Ng3 f5 30. Bb1 Kg7
31. Rd4 Rh8 32. Ne2 Nf8 33. Qg3 f4 34. Nxf4 gxf4 35. Rxf4 Bc6 36. Rf6 Be8 37. f4 Rh6 38. Rf3 Nd7 39. Qg5 Nxf6 40. exf6+ Qxf6
41. Qxf6+ Kxf6 42. g4 Rh7 43. f5 gxf5 44. gxf5 e5 45. Rg3 Bf7 46. h3 e4
0-1

[Event "Epic Easter Encounters"]
[Site "SchemingMind.com"]
[Date "2013.07.04"]
[Round "-"]
[White "mtnewk"]
[Black "Ronald R. Nurmi"]
[Result "1/2-1/2"]
[WhiteCountry "USA"]
[BlackCountry "USA"]
[WhiteElo "1586"]
[WhiteRD "80"]
[BlackElo "1740"]
[BlackRD "80"]
[GameID "334029"]

1. d4 d5 2. c4 c6 3. Nc3 dxc4 4. e4 b5 5. a3 Nf6 6. e5 Nd5 7. Nf3 e6 8. Bd2 Be7 9. Ne4 O-O 10. Qc2 Nd7
11. Neg5 g6 12. Be2 c5 13. dxc5 Nxc5 14. Rd1 Bb7 15. O-O Nb3 16. Ne4 Nxd2 17. Rxd2 Qc7 18. Rfd1 Rfd8 19. Nc3 Rd7 20. Nxb5 Qb6
21. Bxc4 a6 22. Nbd4 a5 23. Qd3 Rad8 24. g3 Qc5 25. Qe2 Bf8 26. Bb5 Rc7 27. Ng5 Bh6 28. f4 Bxg5 29. fxg5 Rdc8 30. Rc2 Qe7
31. Rdc1 Qxg5 32. Rxc7 Rxc7 33. Rxc7 Nxc7 34. Bd3 Nd5 35. Kf2 Qd8 36. Nf3 Qb6+ 37. Ke1 h6 38. Kd1 Qc5 39. Kd2 Qb6 40. Kc1 Qc5+
41. Kd2 Qb6 42. Kc1 Qc5+=
1/2-1/2

[Event "Epic Easter Encounters"]
[Site "SchemingMind.com"]
[Date "2013.07.04"]
[Round "-"]
[White "Ronald R. Nurmi"]
[Black "mtnewk"]
[Result "1/2-1/2"]
[WhiteCountry "USA"]
[BlackCountry "USA"]
[WhiteElo "1751"]
[WhiteRD "81"]
[BlackElo "1591"]
[BlackRD "78"]
[GameID "334034"]

1. d4 Nf6 2. Bg5 e6 3. e3 Be7 4. Bd3 O-O 5. Nf3 h6 6. Bh4 d6 7. Nbd2 Nc6 8. c3 Nd7 9. Bxe7 Qxe7 10. O-O d5
11. a4 a5 12. Re1 e5 13. dxe5 Ndxe5 14. Nxe5 Nxe5 15. Bc2 Rd8 16. Nf3 Bg4 17. Bd3 Bxf3 18. gxf3 Qg5+ 19. Kh1 Nxd3 20. Qxd3 c6
21. Rg1 Qf6 22. Rg3 Kh8 23. Qc2 Rg8 24. Rag1 g6 25. Qd3 Kh7 26. Rg4 h5 27. R4g3 Kh6 28. f4 Rad8 29. Qd4 Qxd4 30. exd4 Rde8
31. Re3 Rxe3 32. fxe3 Re8=
1/2-1/2

[Event "Epic Easter Encounters"]
[Site "SchemingMind.com"]
[Date "2013.08.30"]
[Round "-"]
[White "Clive Everill"]
[Black "dadshane2000"]
[Result "0-1"]
[WhiteCountry "CZE"]
[BlackCountry "USA"]
[WhiteElo "1735"]
[WhiteRD "53"]
[BlackElo "1936"]
[BlackRD "86"]
[GameID "337491"]

1. e4 c5 2. Nf3 d6 3. c3 Nf6 4. h3 Nc6 5. Bd3 e5 6. O-O g5 7. Bb5 g4 8. hxg4 Bxg4 9. d4 Nd7 10. d5 Ncb8
11. Bg5 Bxf3 12. Bxd8 Bxd1 13. Bf6 Rg8 14. Rxd1 a6 15. Bxd7+ Nxd7 16. Bh4 Rg4 17. Bg3 Nf6 18. Nd2 b5 19. Bh2 Bh6 20. f3 Rg6
21. Nf1 Kd7 22. Re1 Rag8 23. Re2 Nh5 24. g4 Nf4 25. Rc2 Nh5 26. Kf2 Ng7 27. Ng3 Bf4 28. Nf1 Bxh2 29. Nxh2 Nh5 30. Ke3 Nf4
31. Nf1 h5 32. gxh5 Nxh5 33. Nh2 Rg2 34. Rac1 Rg1 35. Ng4 Rxc1 36. Rxc1 Ke7 37. Nh6 Rg2 38. Nf5+ Kd7 39. b4 c4 40. a4 Nf4
41. Re1 bxa4 42. Nh6 Rc2 43. Nxf7 Rxc3+ 44. Kd2 Rxf3 45. Ra1 a3 46. Ng5 Rd3+ 47. Kc2 Rb3 48. Ra2 Nd3 49. Kd2 Nxb4 50. Ra1 c3+
51. Kc1 c2 52. Kd2 Rd3+ 53. Ke2 Rd1
0-1

[Event "Epic Easter Encounters"]
[Site "SchemingMind.com"]
[Date "2013.08.30"]
[Round "-"]
[White "dadshane2000"]
[Black "Clive Everill"]
[Result "1/2-1/2"]
[WhiteCountry "USA"]
[BlackCountry "CZE"]
[WhiteElo "1936"]
[WhiteRD "86"]
[BlackElo "1735"]
[BlackRD "53"]
[GameID "337495"]

1. e4 e6 2. d4 d5 3. Nc3 Nc6 4. Nf3 Nf6 5. Bg5 Be7 6. Bxf6 Bxf6 7. Bb5 O-O 8. O-O Nb8 9. Qe2 c6 10. Bd3 Qb6
11. e5 Be7 12. Rab1 Nd7 13. a3 Qc7 14. h3 c5 15. Nb5 Qc6 16. dxc5 Nxc5 17. Nbd4 Qb6 18. b4 Nxd3 19. Qxd3 Bd7 20. c4 dxc4
21. Qxc4 Rfc8 22. Qb3 a6 23. Rfc1 Rxc1+ 24. Rxc1 Rc8 25. Rxc8+ Bxc8 26. Qc4 Bd7 27. Nb3 g6 28. Nfd4 Kg7 29. Na5 h5 30. Ndb3 f6
31. exf6+ Bxf6 32. Nc5 Qd6 33. Nxd7 Qxd7 34. Qe2 b6 35. Nb3 Kf7 36. Nd2 b5 37. Ne4 Be7 38. Qf3+ Kg7 39. Qc3+ Kh7 40. Qf3 Qe8
41. Qb3 Qc8 42. Qe3 Qd8 43. Qb3 Qc8 44. Qf3=
1/2-1/2

[Event "Epic Easter Encounters"]
[Site "SchemingMind.com"]
[Date "2013.10.01"]
[Round "-"]
[White "spoke"]
[Black "Ronald R. Nurmi"]
[Result "1/2-1/2"]
[WhiteCountry "GER"]
[BlackCountry "USA"]
[WhiteElo "1841"]
[WhiteRD "66"]
[BlackElo "1774"]
[BlackRD "81"]
[GameID "339216"]

1. e4 d5 2. exd5 Qxd5 3. Nc3 Qd6 4. d4 Nf6 5. Nf3 c6 6. Ne5 Nbd7 7. Bf4 Nd5 8. Nxd5 Qxd5 9. Bc4 Qe4+ 10. Qe2 Qxf4
11. Nxf7 Nb6 12. Bb3 Rg8 13. Nd6+ Qxd6 14. Bxg8 Bf5 15. Qh5+ Qg6 16. Qxg6+ Bxg6 17. O-O-O O-O-O 18. Be6+ Kb8 19. f4 Be4 20. Rhg1 g6
21. g3 Bg7 22. c3 Bd5 23. Rge1 Bxe6 24. Rxe6 Re8 25. Rde1 Nc8 26. Kc2 Kc7 27. g4 Kd7 28. Kd3 Rf8 29. R1e4 Rf6 30. Rxf6 exf6
31. h4 Nd6 32. Re2 f5 33. g5 Ne4 34. b3 Ke6 35. c4 b6 36. a4 a6 37. Re3 Kd6 38. Re2 Kd7 39. Rg2 Ke7 40. Re2=
1/2-1/2